Animal Scientific Names - Statistics

General Stats
  • This quiz has been taken 994 times
  • The average score is 16 of 26
Answer Stats
Scientific name Answer % Correct
Bison Bonasus Bison
95%
Archinida Scorpionida Scorpion
92%
Panthera Tigris Tiger
90%
Felis Catus Cat (domestic)
89%
Camelus Camelidae Camel
88%
Panthera Leo Lion
88%
Cannis Familiaris Dog
87%
Rodentia Rattus Rat
87%
Crocodilia Niloticus Crocodile
86%
Proboscidea Elephantidae Elephant
84%
Delphinidae Delphis Dolphin
78%
Eqqus Caballus Horse
74%
Cannis Vulpes Fox
70%
Rodentia Muridae Mouse
70%
Perrissodanctyl Rthinocerotidae Rhinoceros
70%
Ursidae Carnivora Bear
63%
Chamaele Ontidate Chameleon
63%
Panthera Pardus Panther
58%
Vipera Berus Adder, Viper
49%
Pan Troglodytes Chimpanzee
41%
Bovidae Ovis Sheep
34%
Rodentia Sciurus Squirrel
33%
Hippocampus Syngnathidae Sea horse
27%
Vultur Gryphus Condor
17%
Cortalus Horridus Rattle snake
9%
Hystricomorph Hystricidae Porcupine
7%
No matching quizzes found
Score Distribution
Percent of People with Each Score
Percentile by Number Answered
Your Score History
You have not taken this quiz